000 01495nam a2200433 i 4500
001 7740
003 KOSZ 005
005 20200911123041.0
008 030110s1974 pl a f |000 0 pol
015 _aPB 1975/1210
035 _a(OCoLC)831054429
040 _aWA N
_cWA N
_dKOSZ 005/HR
041 1 _apol
_hger
046 _k1970
080 _a624.01/.07
080 _a692.2
080 _a691
100 1 _aKrause, Carl.
_eAutor
245 1 0 _aPrefabrykowane ściany zewnętrzne :
_bprzykłady rozwiązań, złącza i spoiny, faktury elewacyjne, osłony przeciwsłoneczne /
_cCarl Krause ; tł. i koment. oprac. Władysław Bacciarelli.
246 1 _iTytuł oryginału:
_aAussenwandsysteme,
_f1970.
260 _aWarszawa :
_b"Arkady",
_c1974.
300 _a157, [2] s. :
_bil., tab., wykr. ;
_c35 cm.
336 _2rdacontent
_aTekst
_btxt
337 _2rdamedia
_aBez urządzenia pośredniczącego
_bn
338 _2rdacarrier
_aWolumin
_bnc
380 _aKsiążki
380 _aPublikacje fachowe
388 _a1901-2000
388 _a1945-1989
504 _aBibliogr.
658 _aArchitektura i budownictwo
650 4 _aPrefabrykaty
650 4 _aMateriały budowlane
650 4 _aŚciany zewnętrzne
700 1 _aBacciarelli, Władysław.
_eTłumaczenie
710 2 _aWydawnictwo "Arkady".
_4pbl.
856 _uhttp://koha.tu.koszalin.pl/cgi-bin/koha/opac-detail.pl?biblionumber=7740
_yKatalog online BPK
942 _2UKD
_cKS
999 _c7740
_d7740